Harte und weiche Standortfaktoren - Statistiken

Allgemein
  • Dieses Quiz wurde 21 mal gespielt
    13 seit der letzten Aktualisierung
  • Das Durchschnittsergebnis liegt bei 14 aus 18
Antwortstatistiken
Frage Kachel Select % Korrekt
Harte Standortfaktoren Kulturangebot Nein
100%
Harte Standortfaktoren Flächenverfügbarkeit Ja
90%
Weiche Standortfaktoren Freizeitwert Ja
90%
Harte Standortfaktoren Nähe zu Zuliefern Ja
90%
Harte Standortfaktoren Schulen Nein
90%
Harte Standortfaktoren Soziales Klima Nein
90%
Weiche Standortfaktoren Stadtbild/ Innenstadtattraktivität Ja
90%
Weiche Standortfaktoren Mentalität der Bevölkerung Ja
80%
Harte Standortfaktoren Qualität/Quantität des Arbeitskräfteangebots Ja
80%
Weiche Standortfaktoren Regionaler Absatzmarkt Nein
80%
Weiche Standortfaktoren Steuern Nein
80%
Weiche Standortfaktoren Subventionen Nein
80%
Harte Standortfaktoren Forschung- und Entwicklungs- einrichtungen, wissenschaftliche Kooperations-möglichkeiten Ja
70%
Weiche Standortfaktoren Unternehmensfreundlichkeit der Verwaltung Ja
70%
Harte Standortfaktoren Verkehrsanbindung Ja
70%
Harte Standortfaktoren Wohnwert Nein
70%
Weiche Standortfaktoren Physisches Klima Ja
40%
Weiche Standortfaktoren Verwaltungsflexibilität und -schnelligkeit Nein
30%
Keine übereinstimmenden Quizze gefunden
Verteilung der Resultate
Anzahl Personen mit jedem Resultat
Perzentil nach korrekt beantworteten Fragen
Ihre Resultats-Entwicklung
Sie haben dieses Quiz seit der letzten Aktualisierung nicht gespielt